Journey of the holy land: (Record no. 30874)

MARC details
000 -LEADER
fixed length control field 01609nam a22003017a 4500
005 - DATE AND TIME OF LATEST TRANSACTION
control field 20091010114322.0
008 - FIXED-LENGTH DATA ELEMENTS--GENERAL INFORMATION
fixed length control field 091010t xxu||||| |||| 00| 0 eng d
010 ## - LCCN (DPL NO)
LC control number ENG-95116 B-425267-268
020 ## - INTERNATIONAL STANDARD BOOK NUMBER
International Standard Book Number 0198066366
Terms of availability 650.00
020 ## - INTERNATIONAL STANDARD BOOK NUMBER
International Standard Book Number 9780198063469
Terms of availability 650.00
035 ## - SYSTEM CONTROL NUMBER
System control number EN-78649 B-425267-268
037 ## - SOURCE OF ACQUISITION
Source of stock number/acquisition DBAD/PUB
040 ## - CATALOGING SOURCE
Original cataloging agency DPL
Language of cataloging ENG
082 ## - DEWEY DECIMAL CLASSIFICATION NUMBER
Classification number 270.91
100 ## - MAIN ENTRY--PERSONAL NAME
Personal name Amir Ahmad Alawi
9 (RLIN) 27321
245 ## - TITLE STATEMENT
Title Journey of the holy land:
Statement of responsibility, etc by Amir Ahmad Alawi; translated, and with an introduction by Mushirul Hasan , Rakhshand Jalil
Remainder of title a pilgrims diary/
260 ## - PUBLICATION, DISTRIBUTION, ETC. (IMPRINT)
Place of publication, distribution, etc New Delhi
Name of publisher, distributor, etc Oxford University Press
Date of publication, distribution, etc 2009
270 ## - ADDRESS
Address YMCA Library Building , Jai Shingh Road,
City New Delhi
Postal code 110001
300 ## - PHYSICAL DESCRIPTION
Extent 271p.
Dimensions 22cm.(Hb)
500 ## - GENERAL NOTE
General note inculding glossary
700 ## - ADDED ENTRY--PERSONAL NAME
Personal name Hasan, Mushirul
9 (RLIN) 27322
700 ## - ADDED ENTRY--PERSONAL NAME
Personal name Jalil, Rakhshanda
9 (RLIN) 27323
942 ## - ADDED ENTRY ELEMENTS (KOHA)
Source of classification or shelving scheme Dewey Decimal Classification
Item type English Books
Call number suffix AMI
Classification part 270.91
Holdings
Withdrawn status Lost status Source of classification or shelving scheme Damaged status Not for loan Collection code Home library Current library Date acquired Source of acquisition Cost, normal purchase price Total Checkouts Full call number Barcode Date last seen Copy number Cost, replacement price Koha item type
    Dewey Decimal Classification     Non-fiction Central Library Central Library 18/04/2011 RBc/22493/23.3.11/76/4.3.11/25.3.11 650.00   270.91 AMI B-425267 18/04/2011 1 650.00 English Books
    Dewey Decimal Classification   Not For Loan Non-fiction D.B.Act.Division D.B.Act.Division 10/10/2009 DBAD / PUB 650.00   270.91 AMI EN-78649 10/10/2009 1 650.00 English Books
    Dewey Decimal Classification     Non-fiction Sarojini Nagar Sarojini Nagar 18/04/2011 RBc/22493/23.3.11/76/4.3.11/25.3.11 650.00 2 270.91 AMI B-425268 06/08/2018 1 650.00 English Books

© Delhi Public Library
Hit Counter
free hit counter